000 00314nam a22001337a 4500
008 170601b xxu||||| |||| 00| 0 eng d
020 _a9780231133203
041 _aeng
080 _a94(100)
100 _a17
101 _aSHH
245 _aDYING TO KILL THE ALLURE OF SUICIDE TERROR
_cBLOOM, M
942 _2udc
_cBK
999 _c15191
_d15191